Normal view
MARC view
- Kolman, Bernard Hill, David .R
Entry Personal Name
001 - CONTROL NUMBER
- control field: 60925
003 - CONTROL NUMBER IDENTIFIER
- control field: NUST
005 - DATE AND TIME OF LATEST TRANSACTION
- control field: 20210628202642.0
008 - FIXED-LENGTH DATA ELEMENTS
- fixed length control field: 210628|| aca||aabn | a|a d
040 ## - CATALOGING SOURCE
- Original cataloging agency: NUST
- Transcribing agency: NUST
100 ## - HEADING--PERSONAL NAME
- Personal name: Kolman, Bernard Hill, David .R
670 ## - SOURCE DATA FOUND
- Source citation: Work cat.: (NUST): Kolman, Bernard Hill, David .R, Introductory linear algebra with applcations, 2001
